00473nam a2200193Ia 4500008004100000020001800041050002000059050001400079100002200093245004300115245002200158260001300180260001700193260000900210300001600219300001100235500002000246650001300266180523s9999 xx 000 0 und d a81-86757-13-9 aMAIN HF 5438.25 b.T39 2001 aTaylor, Robert F. 0a185 sales tips for sure-fire success / 0cRobert F. Taylor. aMumbai : bBPD (India), c2001 a234 pages : c21 cm. aIncludes index. aSelling.